Normal view
MARC view
- العلي، علي، م مشارك خولة خريبط خلف
Entry Personal Name
001 - CONTROL NUMBER
- control field: 63153
003 - CONTROL NUMBER IDENTIFIER
- control field: JO-AjAnu
005 - DATE AND TIME OF LATEST TRANSACTION
- control field: 20230606084318.0
008 - FIXED-LENGTH DATA ELEMENTS
- fixed length control field: 230606|| aca||aabn | a|a d
040 ## - CATALOGING SOURCE
- Original cataloging agency: JO-AjAnu
- Transcribing agency: JO-AjAnu
100 ## - HEADING--PERSONAL NAME
- Personal name: العلي، علي، م مشارك خولة خريبط خلف
670 ## - SOURCE DATA FOUND
- Source citation: Work cat.: (JO-AjAnu)32199: العلي، علي، م مشارك خولة خريبط خلف, author, الطلاق واسبابه في ضوء التغيرات الاجتماعية والثقافية